00493cam a2200169 i 4500001000800000005001700008008004100025020001800066041000800084080001600092100002600108245006400134264003600198300002100234653002300255653004500278458558520211019112228.0750818r1970 cau 000 0 eng  a9788779897601 aeng a299.93 H-881 aHubbard, L. Ronq d 10aScientology 0-8 :bthe book of basics /cby L. Ron Hubbard. aLos Angeles :bNew Era,c2007.  a152 p. ;c21 cm. athe book of basics aსაბაზისო წიგნი